00483nam a22001697a 4500003000900000005001700009008003100026020002700057040002200084082001700106100002500123245005500148260004400203300002600247490002000273830002000293DO-SdBNP20180216142333.0161202b 1980 mx a 00| 0 spa d a9706110860 (volumen 1) aBPMSUbspacBPMSU 4axxxxxbxxxxx1 aBosco Aurioles, Juan1 aComó funciona en el hogar /cJuan Bosco Aurioles aMéxico :bPromotora editorial,c1980. a79 p. :bil.,c26 cm.1 aCómo funciona 0aCómo funciona